Resettlement of ex-servicemen. (Record no. 84776)
[ view plain ]
| 000 -LEADER | |
|---|---|
| fixed length control field | 00627cam a22002051 4500 |
| 001 - CONTROL NUMBER | |
| control field | sa 68012829 |
| 003 - CONTROL NUMBER IDENTIFIER | |
| control field | DLC |
| 005 - DATE AND TIME OF LATEST TRANSACTION | |
| control field | 20260227112615.0 |
| 008 - FIXED-LENGTH DATA ELEMENTS--GENERAL INFORMATION | |
| fixed length control field | 711115s1966 ii a 00010 eng |
| 010 ## - LIBRARY OF CONGRESS CONTROL NUMBER | |
| LC control number | sa 68012829 //r84 |
| 025 ## - OVERSEAS ACQUISITION NUMBER | |
| Overseas acquisition number | PL480:I-E-10003 |
| 043 ## - GEOGRAPHIC AREA CODE | |
| Geographic area code | a-ii--- |
| 050 0# - LIBRARY OF CONGRESS CALL NUMBER | |
| Classification number | UB359.I5 |
| Item number | A54 |
| 110 10 - MAIN ENTRY--CORPORATE NAME | |
| Corporate name or jurisdiction name as entry element | India. |
| Subordinate unit | Ministry of Information and Broadcasting. |
| 245 10 - TITLE STATEMENT | |
| Title | Resettlement of ex-servicemen. |
| 260 0# - PUBLICATION, DISTRIBUTION, ETC. | |
| Place of publication, distribution, etc. | [New Delhi] |
| Name of publisher, distributor, etc. | Publications Division, Ministry of Information and Broadcasting, Govt. of India |
| Date of publication, distribution, etc. | [1966] |
| 300 ## - PHYSICAL DESCRIPTION | |
| Extent | iii, 48, 2 p. |
| Other physical details | illus. |
| Dimensions | 22 cm. |
| 350 ## - PRICE (NR) (BK AM CF MU VM SE) [OBSOLETE] | |
| Price | Re1 |
| 650 #0 - SUBJECT ADDED ENTRY--TOPICAL TERM | |
| Topical term or geographic name entry element | Veterans |
| Geographic subdivision | India. |
No items available.